| 000 | 00804nam a2200217Ia 4500 | ||
|---|---|---|---|
| 008 | 130821s1969 xxua gr eng | ||
| 040 |
_aCo-BoUCM _bspa |
||
| 041 | 0 | 0 | _aeng |
| 100 | 1 |
_aGordon, Geoffrey _d1924- _9142286 |
|
| 245 | 1 | 0 |
_aSystem simulation _cGeoffrey Gordon |
| 260 |
_aEnglewood Cliffs (Nueva Jersey, Estados Unidos) _bPrentice-Hall _c1969 |
||
| 300 |
_axvi, 303 páginas _bilustraciones, gráficas |
||
| 490 | 0 | _aPrentice-Hall Series in Automatic Computation | |
| 500 | _aDonación Dr. Álvaro Daza Roa. | ||
| 504 | _aIncluye referencias bibliográficas e índices. | ||
| 650 | 0 | 4 |
_aAnálisis de sistemas _98971 |
| 650 | 0 | 4 |
_aInformática _917593 |
| 650 | 0 | 4 |
_aSimulación por computadores _924439 |
| 942 |
_cLIBRO _a1 _e1 _mG662s _2DEWEY _h003.3 |
||
| 999 |
_c71859 _d71859 |
||